00483nam a22001457a 4500003000500000005001700005008004100022020001800063050002500081100002600106245008400132260005200216300002800268500004100296SISC20170606103433.0170606b xxu||||| |||| 00| 0 eng d a9789719617402 aPL 6055b.Ar749 2015 aArnilla, Arvin Kim A. aGabay sa pagbasa, pagsulat at pananaliksik sa Filipino /bArvin Kim A. Arnilla. aManila :bWiseman's Books Trading, Inc.,c2015. aiv, 120 pages ;c22 cm. aIncludes bibliographical references.